000 00615pam a2200217 a 4500
001 1021771
005 20180221035608.0
008 880930s1989 njua b 001 0 eng
010 _a 88031635
020 _a0130185086
040 _aDLC
_cDLC
_dDLC
041 _aeng
080 _a658.05
082 0 0 _a658.05 BOU
_219
100 1 _a54
101 _aLID
245 1 0 _aAgents of change :
_cBarbara M. Bouldin ; [foreword by Edward Yourdon].
504 _aBibliography: p. 188-189.
906 _a7
_bcbc
_corignew
_d1
_eocip
_f19
_gy-gencatlg
942 _2ddc
_cBK
999 _c43000
_d43000